Minor League Baseball Logos (MiLB) - Statistics

General Stats
  • This quiz has been taken 696 times
    132 since last reset
  • The average score is 54 of 120
Answer Stats
Picture Answer % Correct
Charlotte Knights
82%
Durham Bulls
79%
Lehigh Valley IronPigs
78%
Sugar Land Space Cowboys
78%
Salt Lake Bees
76%
Reno Aces
75%
Rocket City Trash Pandas
75%
Springfield Cardinals
75%
Chattanooga Lookouts
74%
Hartford Yard Goats
74%
Jacksonville Jumbo Shrimp
74%
Louisville Bats
72%
Albuquerque Isotopes
71%
Columbus Clippers
71%
Syracuse Mets
71%
El Paso Chihuahuas
69%
Gwinnett Stripers
68%
Las Vegas Aviators
67%
Richmond Flying Squirrels
67%
Montgomery Biscuits
65%
Portland Sea Dogs
65%
Akron Rubberducks
64%
Buffalo Bisons
63%
Memphis Redbirds
63%
Round Rock Express
61%
Erie SeaWolves
60%
Norfolk Tides
60%
Scranton/Wilkes-Barre Railriders
60%
Iowa Cubs
58%
Nashville Sounds
57%
Palm Beach Cardinals
57%
Omaha Storm Chasers
56%
Somerset Patriots
54%
Tulsa Drillers
54%
Altoona Curve
53%
Corpus Christi Hooks
53%
Lansing Lugnuts
53%
Myrtle Beach Pelicans
51%
Northwest Arkansas Naturals
51%
Frederick Keys
50%
Sacramento River Cats
50%
Biloxi Shuckers
49%
Binghamton Rumble Ponies
49%
Birmingham Barons
49%
Chesapeake Baysox
49%
Lake County Captains
49%
Pensacola Blue Wahoos
49%
Rochester Red Wings
49%
St. Paul Saints
49%
Greensboro Grasshoppers
47%
Harrisburg Senators
47%
Knoxville Smokies
47%
Great Lakes Loons
46%
Worcester Red Sox
46%
Dayton Dragons
44%
Hillsboro Hops
44%
St. Lucie Mets
44%
Fort Wayne TinCaps
43%
Frisco RoughRiders
42%
Tacoma Rainiers
42%
San Antonio Missions
40%
Wichita Wind Surge
40%
Columbia Fireflies
39%
Kannapolis Cannon Ballers
39%
Midland Rockhounds
39%
New Hampshire Fisher Cats
39%
Reading Fightin Phils
39%
South Bend Cubs
39%
Daytona Tortugas
38%
Fresno Grizzlies
38%
Lakeland Flying Tigers
38%
Quad Cities River Bandits
38%
Rome Emperors
38%
Wilmington Blue Rocks
38%
Bowling Green Hot Rods
36%
Columbus Clingstones
36%
Jersey Shore BlueClaws
36%
Spokane Indians
36%
Vancouver Canadians
36%
West Michigan Whitecaps
36%
Wisconsin Timber Rattlers
36%
Arkansas Travelers
35%
Oklahoma City Comets
35%
San Jose Giants
35%
Augusta GreenJackets
33%
Bradenton Marauders
33%
Cedar Rapids Kernels
33%
Charleston RiverDogs
33%
Dunedin Blue Jays
33%
Eugene Emeralds
33%
Fayetteville Woodpeckers
33%
Fredericksburg Nationals
33%
Jupiter Hammerheads
33%
Rancho Cucamonga Quakes
33%
Hickory Crawdads
32%
Hub City Spartanburgers
32%
Peoria Chiefs
32%
Winston-Salem Dash
32%
Clearwater Threshers
31%
Toledo Mud Hens
31%
Amarillo Sod Poodles
29%
Asheville Tourists
29%
Brooklyn Cyclones
29%
Delmarva Shorebirds
29%
Everett AquaSox
29%
Tri-City Dust Devils
29%
Inland Empire 66ers
28%
Lake Elsinore Storm
28%
Fort Myers Mighty Mussels
26%
Visalia Rawhide
26%
Hudson Valley Renegades
25%
Indianapolis Indians
24%
Tampa Tarpons
24%
Beloit Sky Carp
22%
Greenville Drive
21%
Stockton Ports
21%
Wilson Warbirds
19%
Ontario Tower Buzzers
15%
Salem RidgeYaks
15%
Hill City Howlers
14%
No matching quizzes found
Score Distribution
Percent of People with Each Score
Percentile by Number Answered
Your Score History
You have not taken this quiz since the last reset